| 000 | 00671nam a2200241 a 4500 | ||
|---|---|---|---|
| 999 |
_c2920 _d2920 |
||
| 006 | a||||gr|||| 001 0 | ||
| 007 | ta | ||
| 008 | 240528t2022 ii a gr 001 0 eng|d | ||
| 020 |
_a9789391012212 (pbk) _cRs. 225.00 |
||
| 040 |
_aKO _beng |
||
| 041 | 0 | _aeng | |
| 044 | _aii | ||
| 082 | 0 | 4 |
_a001.4 _bR2129 _223 |
| 100 | 1 | _aRay, Partha Pratim | |
| 245 | 2 | 0 |
_aA guide to research and publication ethics / _cPartha Pratim Ray |
| 260 |
_aNew Delhi : _bNew Delhi Publications , _c2022 |
||
| 300 |
_a140 p. : _bill. ; _c23 cm |
||
| 650 | 0 |
_aResearch _vTextbooks |
|
| 650 | 0 |
_aResearch _xMoral and ethical aspects _vTextbooks |
|
| 904 | _aA_BOSE | ||
| 942 | _cBK | ||